Zones des transports de Berlin - Statistiques

Statistiques générales
  • Ce quiz a été pris 22 fois
  • Le résultat moyen est 37 sur 66
Statistiques - réponses
Question Tuile Select % Correct
Flughafen BER A Non
95%
Brandenburger Tor A Oui
89%
Marzahn A Non
84%
Alexanderplatz A Oui
79%
Brandenburger Tor B Non
79%
Brandenburger Tor C Non
79%
Alexanderplatz B Non
74%
Flughafen BER C Oui
74%
Rathaus Steglitz C Non
74%
Alexanderplatz C Non
74%
Rathaus Steglitz A Non
68%
Flughafen BER B Non
68%
Rathaus Steglitz B Oui
68%
Potsdam Hauptbahnhof B Non
68%
Friedenau C Non
68%
Tierpark C Non
68%
Karl-Bonhoeffer-Nervenklinik A Non
63%
Königs Wusterhausen A Non
63%
Potsdam Hauptbahnhof A Non
63%
Oranienburg B Non
63%
Heidelberger Tor C Non
63%
Heinrich-Heine-Straße C Non
63%
Potsdam Hauptbahnhof C Oui
63%
Rathaus Reinickendorf A Non
58%
Heiligensee A Non
58%
Borgsdorf A Non
58%
Mehringdamm A Oui
58%
Karow A Non
58%
Zwickauer Damm A Non
58%
Heinrich-Heine-Straße B Non
58%
Mehringdamm B Non
58%
Zwickauer Damm B Oui
58%
Rathaus Reinickendorf C Non
58%
Louis-Lewin-Straße C Non
58%
Mehringdamm C Non
58%
Zwickauer Damm C Non
58%
Friedenau A Non
53%
Oranienburg A Non
53%
Louis-Lewin-Straße A Non
53%
Marzahn B Oui
53%
Königs Wusterhausen B Non
53%
Friedenau B Oui
53%
Louis-Lewin-Straße B Oui
53%
Marzahn C Non
53%
Weberwiese C Non
53%
Karl-Bonhoeffer-Nervenklinik C Non
53%
Heinrich-Heine-Straße A Oui
47%
Tierpark A Non
47%
Heidelberger Tor B Non
47%
Karl-Bonhoeffer-Nervenklinik B Oui
47%
Rathaus Reinickendorf B Oui
47%
Tierpark B Oui
47%
Oranienburg C Oui
47%
Westhafen C Non
47%
Königs Wusterhausen C Oui
42%
Karow C Non
42%
Westhafen A Oui
37%
Weberwiese B Non
37%
Karow B Oui
37%
Westhafen B Non
37%
Heiligensee C Non
37%
Heidelberger Tor A Oui
32%
Borgsdorf B Non
32%
Weberwiese A Oui
26%
Heiligensee B Oui
26%
Borgsdorf C Oui
26%
Aucun quiz correspondant
Distribution des résultats
% des personnes avec chaque résultat
Percentile par nombre de réponses
Votre historique - résultats
Vous n’avez pas pris ce quiz